[Event "Florianopolis op 9th"]
[Site "Florianopolis"]
[Date "2023.01.29"]
[Round "10"]
[White "Boff, Lucas Strauss"]
[Black "Terao, Juliana Sayumi"]
[Result "0-1"]
[WhiteElo "2036"]
[BlackElo "2243"]
[PlyCount "58"]
[EventDate "2023.01.23"]
[EventType "swiss"]
[EventRounds "10"]
[EventCountry "BRA"]
[SourceTitle "CBM 212 Extra"]
[Source "ChessBase"]
[SourceDate "2023.03.31"]
[SourceVersion "1"]
[SourceVersionDate "2023.03.31"]
[SourceQuality "1"]

1. Nf3 d5 2. c4 e6 3. b3 Nf6 4. g3 c5 5. Bg2 Nc6 6. Bb2 d4 7. e3 e5 8. exd4 exd4 9. 0-0 Be7 10. d3 0-0 11. Na3 Bf5 12. Nc2 a5 13. a3 Qc8 14. Re1 Bd6 15. b4 axb4 16. axb4 Rxa1 17. Bxa1 b6 18. Nh4 Ne5 19. Bf1 Bh3 20. f4 Ng6 21. Nxg6 fxg6 22. Bb2 Bxf1 23. Rxf1 Qh3 24. Qf3 h5 25. Rf2 Kh7 26. Qc6 Ng4 27. Rg2 Rf6 28. Qd7 Bxf4 29. gxf4 Qxd3 0-1

[Event "Florianopolis op 9th"]
[Site "Florianopolis"]
[Date "2023.01.25"]
[Round "4"]
[White "Boff, Lucas Strauss"]
[Black "De Oliveira, Jairo Quintiliano"]
[Result "1/2-1/2"]
[WhiteElo "2036"]
[BlackElo "1745"]
[PlyCount "130"]
[EventDate "2023.01.23"]
[EventType "swiss"]
[EventRounds "10"]
[EventCountry "BRA"]
[SourceTitle "CBM 212 Extra"]
[Source "ChessBase"]
[SourceDate "2023.03.31"]
[SourceVersion "1"]
[SourceVersionDate "2023.03.31"]
[SourceQuality "1"]

1. Nf3 d5 2. c4 c6 3. e3 Nf6 4. Nc3 e6 5. b3 Nbd7 6. Bb2 Bd6 7. Qc2 0-0 8. Be2 Re8 9. 0-0 b6 10. Rac1 Bb7 11. d4 Rc8 12. Rfd1 Qe7 13. Qb1 a6 14. e4 e5 15. dxe5 Nxe5 16. cxd5 cxd5 17. Nxd5 Nxd5 18. Rxc8 Rxc8 19. exd5 Ng4 20. Qd3 Bc5 21. d6 Qd8 22. Nd4 Qh4 23. Qg3 Qxg3 24. hxg3 Nf6 25. Nf5 Rd8 26. Bc4 Ne4 27. Bd4 Bc8 28. Ne7+ Kf8 29. Nxc8 Rxc8 30. Bxa6 Rd8 31. Bxc5 bxc5 32. d7 Nc3 33. Rd2 Ke7 34. Rc2 Ne4 35. Bb5 Kd6 36. Re2 Nc3 37. Re8 Kc7 38. Rxd8 Kxd8 39. Bc4 Nxa2 40. Bxf7 Kxd7 41. f4 Kc6 42. Kf2 Kb5 43. Ke3 Kb4 44. Kd2 Nc3 45. Kd3 Nb5 46. f5 Nd4 47. g4 h6 48. Ke4 Nxb3 49. f6 gxf6 50. Kf5 c4 51. Kxf6 c3 52. Bg6 Kc5 53. Kg7 Kd6 54. Kxh6 Ke7 55. Kh7 Nd4 56. g5 Ne6 57. Kh6 Kf8 58. Be4 Nc5 59. Bc2 Ne6 60. g6 Ng7 61. g4 Ne6 62. Bb3 Ng7 63. Kg5 Ne8 64. Kf5 Kg7 65. Bc2 Nf6 1/2-1/2

[Event "Florianopolis op 9th"]
[Site "Florianopolis"]
[Date "2023.01.24"]
[Round "3"]
[White "Filgueiras, Nathan Felipe"]
[Black "Boff, Lucas Strauss"]
[Result "1-0"]
[WhiteElo "2356"]
[BlackElo "2036"]
[PlyCount "95"]
[EventDate "2023.01.23"]
[EventType "swiss"]
[EventRounds "10"]
[EventCountry "BRA"]
[SourceTitle "CBM 212 Extra"]
[Source "ChessBase"]
[SourceDate "2023.03.31"]
[SourceVersion "1"]
[SourceVersionDate "2023.03.31"]
[SourceQuality "1"]

1. e4 d6 2. d4 Nf6 3. Nc3 g6 4. Nf3 Bg7 5. Be2 0-0 6. 0-0 Bg4 7. h3 Bxf3 8. Bxf3 Nc6 9. Be3 e5 10. dxe5 dxe5 11. Ne2 Qxd1 12. Rfxd1 Rfd8 13. c3 Rxd1+ 14. Rxd1 Rd8 15. Rxd8+ Nxd8 16. Ng3 a6 17. Bd1 Ne6 18. f3 Bf8 19. Kf1 Bc5 20. Bd2 b5 21. Ne2 Bb6 22. Nc1 Nf4 23. g3 Ne6 24. Nd3 Nd7 25. f4 Ndc5 26. Nxc5 Nxc5 27. Bc2 Nd7 28. Ke2 h5 29. f5 Nf6 30. Kf3 Nh7 31. Bb3 Kg7 32. Bd5 gxf5 33. exf5 Kf6 34. h4 Ke7 35. Bb7 Kd6 36. Bxa6 c6 37. c4 Bd4 38. cxb5 cxb5 39. Bxb5 Bxb2 40. Bc4 Ke7 41. a4 Nf6 42. Bb4+ Ke8 43. a5 Bd4 44. a6 Ng4 45. Bc3 Ba7 46. Ke4 f6 47. Be2 Nf2+ 48. Kd5 1-0

[Event "Niteroi op 2nd"]
[Site "Niteroi"]
[Date "2022.09.04"]
[Round "6"]
[White "Jenidarchiche, Douglas Rodrigo"]
[Black "Boff, Lucas Strauss"]
[Result "1/2-1/2"]
[WhiteElo "1826"]
[BlackElo "2043"]
[PlyCount "171"]
[EventDate "2022.09.01"]
[EventType "swiss"]
[EventRounds "9"]
[EventCountry "BRA"]
[SourceTitle "CBM 210 Extra"]
[Source "ChessBase"]
[SourceDate "2022.11.30"]
[SourceVersion "1"]
[SourceVersionDate "2022.11.30"]
[SourceQuality "1"]

1. d4 Nf6 2. c4 g6 3. Nc3 d5 4. Nf3 Bg7 5. e3 0-0 6. b4 a5 7. b5 c5 8. bxc6 Nxc6 9. Ba3 Re8 10. Rc1 Bg4 11. cxd5 Nxd5 12. Bc4 Be6 13. Ng5 Nxc3 14. Nxe6 Nxd1 15. Nxd8 Rexd8 16. Kxd1 e6 17. Ke2 Bf8 18. Bb2 Rab8 19. Rb1 b5 20. Bd3 Nb4 21. Be4 f5 22. Bf3 Rdc8 23. a3 Nd5 24. Rhc1 b4 25. Bxd5 exd5 26. axb4 Bxb4 27. Bc3 Bxc3 28. Rxc3 a4 29. Rb4 Rxb4 30. Rxc8+ Kf7 31. Ra8 Ke6 32. Ra7 Kd6 33. Rxh7 Kc6 34. Ra7 Kb5 35. Rb7+ Kc4 36. Rxb4+ Kxb4 37. Kd2 Kb3 38. Kc1 Kc3 39. g4 fxg4 40. Kb1 Kd3 41. Kb2 Ke4 42. Ka3 Kf3 43. Kxa4 Kxf2 44. e4 dxe4 45. d5 e3 46. d6 e2 47. d7 e1Q 48. d8Q Qe4+ 49. Kb5 Qf5+ 50. Ka6 Kg1 51. Qd6 Qf1+ 52. Kb6 Qf2+ 53. Ka6 Qe2+ 54. Kb6 Qe3+ 55. Ka6 g5 56. Kb7 Kg2 57. Kc8 Qf4 58. Qh6 Qxh2 59. Qxg5 Qh8+ 60. Kd7 Qd4+ 61. Kc7 g3 62. Qg6 Kf3 63. Qh5+ Ke3 64. Qh3 Qf4+ 65. Kc8 Kf2 66. Qh7 Qc4+ 67. Kb7 g2 68. Qf5+ Kg3 69. Qe5+ Qf4 70. Qg7+ Kf2 71. Qb2+ Kf3 72. Qc3+ Ke2 73. Qb2+ Qd2 74. Qe5+ Kd1 75. Qa1+ Ke2 76. Qe5+ Qe3 77. Qb2+ Kf3 78. Qf6+ Kg4 79. Qg7+ Qg5 80. Qd4+ Kh5 81. Qh8+ Kg4 82. Qd4+ Qf4 83. Qg7+ Kf3 84. Qc3+ Kf2 85. Qb2+ Kf3 86. Qc3+ 1/2-1/2

[Event "Niteroi op 2nd"]
[Site "Niteroi"]
[Date "2022.09.03"]
[Round "4"]
[White "Molina, Roberto Junio Brito"]
[Black "Boff, Lucas Strauss"]
[Result "1-0"]
[WhiteElo "2390"]
[BlackElo "2043"]
[PlyCount "143"]
[EventDate "2022.09.01"]
[EventType "swiss"]
[EventRounds "9"]
[EventCountry "BRA"]
[SourceTitle "CBM 210 Extra"]
[Source "ChessBase"]
[SourceDate "2022.11.30"]
[SourceVersion "1"]
[SourceVersionDate "2022.11.30"]
[SourceQuality "1"]

1. e4 d6 2. d4 Nf6 3. Nc3 g6 4. f3 c6 5. Be3 Nbd7 6. Qd2 b5 7. g4 Nb6 8. h4 h5 9. g5 Nfd7 10. d5 Ne5 11. Bd4 b4 12. f4 c5 13. fxe5 cxd4 14. Qxd4 Bg7 15. Qxb4 Bxe5 16. Bb5+ Bd7 17. Nf3 Bg7 18. 0-0-0 0-0 19. Nd4 a6 20. Bxd7 Nxd7 21. Nc6 Qc7 22. Rh3 Ne5 23. Qa4 Rfc8 24. Nxe5 Bxe5 25. Ne2 Rab8 26. Nd4 Qa7 27. Rhd3 Qc5 28. a3 Rb6 29. Kb1 Rcb8 30. Rb3 Rxb3 31. cxb3 Rc8 32. Ka2 Bg7 33. Nc6 Rc7 34. Qa5 Qf2 35. Rd2 Qe3 36. Rc2 Rd7 37. Qxa6 Qxe4 38. Qc4 Qf3 39. b4 Kh7 40. b5 Rb7 41. a4 Qf5 42. Qb3 e6 43. dxe6 fxe6 44. Rc4 d5 45. Rb4 Bf8 46. Rd4 Bg7 47. Rd2 Qf4 48. Qb4 Qf1 49. Nd8 Rc7 50. Nc6 Rb7 51. Rc2 Qd3 52. Rf2 e5 53. Qb3 Qxb3+ 54. Kxb3 e4 55. Re2 Bf8 56. Kc3 Bg7+ 57. Kb4 Bf8+ 58. Ka5 Bc5 59. Rd2 Rd7 60. b6 e3 61. Re2 d4 62. Nxd4 Bxd4 63. Kb5 Kg7 64. a5 Rd5+ 65. Kc4 Rxa5 66. b4 Bxb6 67. bxa5 Bxa5 68. Rxe3 Kf7 69. Kd5 Bc7 70. Rb3 Ke7 71. Rb7 Kd7 72. Rxc7+ 1-0

[Event "Niteroi op 2nd"]
[Site "Niteroi"]
[Date "2022.09.02"]
[Round "3"]
[White "Boff, Lucas Strauss"]
[Black "Pires, Marcos Vinicius Tor"]
[Result "1-0"]
[WhiteElo "2043"]
[BlackElo "2262"]
[PlyCount "87"]
[EventDate "2022.09.01"]
[EventType "swiss"]
[EventRounds "9"]
[EventCountry "BRA"]
[SourceTitle "CBM 210 Extra"]
[Source "ChessBase"]
[SourceDate "2022.11.30"]
[SourceVersion "1"]
[SourceVersionDate "2022.11.30"]
[SourceQuality "1"]

1. Nf3 d5 2. c4 c6 3. e3 Nf6 4. Nc3 a6 5. b3 Bf5 6. Be2 h6 7. 0-0 e6 8. Bb2 Nbd7 9. d4 Bd6 10. Rc1 0-0 11. Bd3 Bxd3 12. Qxd3 Qe7 13. Rfe1 Bb4 14. Re2 Rad8 15. Rec2 Rfe8 16. Nb1 Bd6 17. Ne5 dxc4 18. Nxc4 e5 19. dxe5 Nxe5 20. Nxe5 Bxe5 21. Qe2 Bxb2 22. Rxb2 Ne4 23. Rcc2 Rd5 24. Nd2 Red8 25. g3 Nc5 26. Nf1 Nd3 27. Rb1 Rf5 28. f4 Nb4 29. Rd2 Rxd2 30. Qxd2 Rd5 31. Qe2 Qe4 32. Rb2 Nd3 33. Rd2 f5 34. Rc2 Qe6 35. Rd2 Nb4 36. Qc4 a5 37. a3 b5 38. Qc3 Rxd2 39. Qxd2 Nd5 40. Qxa5 Nxe3 41. Qe1 Qxb3 42. Qxe3 Qc2 43. Nd2 c5 44. Qb3+ 1-0

[Event "Niteroi op 2nd"]
[Site "Niteroi"]
[Date "2022.09.02"]
[Round "2"]
[White "Stumpf, Luis Felipe T Cale"]
[Black "Boff, Lucas Strauss"]
[Result "0-1"]
[WhiteElo "1536"]
[BlackElo "2043"]
[PlyCount "84"]
[EventDate "2022.09.01"]
[EventType "swiss"]
[EventRounds "9"]
[EventCountry "BRA"]
[SourceTitle "CBM 210 Extra"]
[Source "ChessBase"]
[SourceDate "2022.11.30"]
[SourceVersion "1"]
[SourceVersionDate "2022.11.30"]
[SourceQuality "1"]

1. e4 d6 2. d4 Nf6 3. Nc3 g6 4. Nf3 Bg7 5. Bc4 0-0 6. 0-0 Nxe4 7. Nxe4 d5 8. Bd3 dxe4 9. Bxe4 Nd7 10. c3 c5 11. Re1 Qc7 12. Be3 Nf6 13. Bc2 cxd4 14. Bxd4 Be6 15. Bb3 Bxb3 16. Qxb3 e6 17. Rad1 Rfd8 18. h3 b6 19. Ng5 Rd5 20. Nf3 Rad8 21. Be5 Qb7 22. Rxd5 Nxd5 23. Rd1 Rc8 24. Bxg7 Kxg7 25. Ne5 Nf4 26. f3 Qc7 27. Qb5 Nd5 28. Ng4 h5 29. Nf2 Qf4 30. Qe2 Qc7 31. Rd4 Ne7 32. Qd2 Nf5 33. Rd7 Qc4 34. Rxa7 Ng3 35. Qd3 Qf4 36. Rd7 Rc5 37. Qd4+ Qxd4 38. cxd4 Rc1+ 39. Kh2 h4 40. d5 exd5 41. Rxd5 Nf1+ 42. Kg1 Ne3+ 0-1

[Event "Florianopolis Winter op 6th"]
[Site "Florianopolis"]
[Date "2022.07.15"]
[Round "5"]
[White "Desideri, Ricardo Maruchi"]
[Black "Boff, Lucas Strauss"]
[Result "1-0"]
[WhiteElo "1939"]
[BlackElo "2045"]
[PlyCount "75"]
[EventDate "2022.07.13"]
[EventType "swiss"]
[EventRounds "9"]
[EventCountry "BRA"]
[SourceTitle "CBM 209 Extra"]
[Source "ChessBase"]
[SourceDate "2022.09.30"]
[SourceVersion "1"]
[SourceVersionDate "2022.09.30"]
[SourceQuality "1"]

1. e4 d6 2. d4 Nf6 3. Nc3 g6 4. h3 a6 5. a4 Bg7 6. g4 Nc6 7. Nge2 0-0 8. Bg2 e5 9. Be3 exd4 10. Nxd4 Ne5 11. b3 c5 12. Nde2 Nfxg4 13. hxg4 Bxg4 14. Qc1 Bxe2 15. Nxe2 Ng4 16. Ra2 f5 17. Bg5 Qe8 18. f3 h6 19. Bd2 Nf6 20. Bxh6 fxe4 21. Bxg7 Kxg7 22. fxe4 Qe5 23. Qh6+ Kf7 24. Nf4 Rg8 25. Rg1 Ke8 26. Qh3 Ke7 27. c4 Rae8 28. Rd2 Kd8 29. Nd3 Qc3 30. Nxc5 Qxh3 31. Bxh3 Nxe4 32. Nxe4 Rxe4+ 33. Kd1 Ke7 34. Re1 Rxe1+ 35. Kxe1 Rh8 36. Re2+ Kf7 37. Bg2 Rb8 38. Bd5+ 1-0

[Event "Florianopolis op 8th"]
[Site "Florianopolis"]
[Date "2022.01.30"]
[Round "10"]
[White "Ribeiro Carrico, Victor Hugo"]
[Black "Boff, Lucas Strauss"]
[Result "0-1"]
[WhiteElo "1787"]
[BlackElo "2023"]
[PlyCount "54"]
[EventDate "2022.01.24"]
[EventType "swiss"]
[EventRounds "10"]
[EventCountry "BRA"]
[SourceTitle "EXT 2023"]
[Source "ChessBase"]
[SourceDate "2022.10.05"]
[SourceVersion "1"]
[SourceVersionDate "2022.10.05"]
[SourceQuality "1"]

1. e4 d6 2. Bc4 Nf6 3. Nc3 g6 4. d3 c6 5. Bb3 Nbd7 6. a4 Nc5 7. Ba2 Bg7 8. f4 Bg4 9. Nf3 e5 10. fxe5 dxe5 11. Bxf7+ Ke7 12. Bc4 Rf8 13. Be3 Ne6 14. Qd2 Bxf3 15. gxf3 Nd4 16. Rf1 Qd6 17. 0-0-0 Kd7 18. f4 Ng4 19. fxe5 Bxe5 20. Bxd4 Qxd4 21. Qg2 h5 22. Rf7+ Rxf7 23. Bxf7 Rf8 24. Rf1 Kc7 25. Qh3 Qe3+ 26. Qxe3 Nxe3 27. Rf3 Ng4 0-1

[Event "Florianopolis op 09"]
[Site "Florianopolis"]
[Date "2021.09.25"]
[Round "2"]
[White "Boff, Lucas Strauss"]
[Black "Eger, Laura Luisa"]
[Result "1-0"]
[WhiteElo "1991"]
[BlackElo "1765"]
[PlyCount "81"]
[EventDate "2021.09.24"]
[EventType "swiss"]
[EventRounds "6"]
[EventCountry "BRA"]
[SourceTitle "EXT 2023"]
[Source "ChessBase"]
[SourceDate "2022.10.05"]
[SourceVersion "1"]
[SourceVersionDate "2022.10.05"]
[SourceQuality "1"]

1. Nf3 d5 2. c4 c6 3. g3 Nf6 4. Bg2 Bf5 5. 0-0 e6 6. cxd5 exd5 7. d3 Be7 8. Qb3 Qb6 9. Qc2 h6 10. Be3 Qd8 11. Qb3 Qc8 12. Rc1 0-0 13. Nc3 Nbd7 14. Nd4 Be6 15. Na4 Bd6 16. f4 Bg4 17. h3 Re8 18. hxg4 Rxe3 19. Nf5 Re6 20. g5 hxg5 21. fxg5 Ne8 22. Bxd5 Re5 23. Bxf7+ Kf8 24. Rf1 Nc5 25. Nxd6 Nxb3 26. Bxe8+ Ke7 27. Nxc8+ Rxc8 28. axb3 Rxe8 29. Nc3 Rxg5 30. Ne4 Rb5 31. Nd2 Rh8 32. Rf4 a6 33. Raf1 Rc5 34. Rf7+ Ke6 35. Rxb7 Rc2 36. Rd1 Rc5 37. Nc4 Rch5 38. Kf2 Rh2+ 39. Ke3 Rg2 40. Rxg7 Rhh2 41. Re1 1-0